000 00794cam a2200241 a 4500
001 000005297
005 20200929151633.0
008 940304s1997 sp b 001 j spa
020 _a8437611830
040 _aDO-SdBNP
_bspa
_cBNPHU
082 _a863.6
_bC965e, 1997
245 0 0 _aCuento español contemporáneo /
_cedición, Ma. Ángeles Encinar y Anthony Percival.
250 _a4a ed.
260 _aMadrid :
_bCátedra,
_c1997.
300 _a326 p. ;
_c18 cm.
490 1 _aLetras Hispánicas
_vno. 367
650 4 _aCuentos españoles
_93194
650 4 _aLiteratura española
_ySIGLO XX
_93326
700 1 _aEncinar, Ma. Ángeles,
_eed.
_915070
700 1 _aPercival, Anthony,
_d1944-
_eed.
_915071
830 0 _aLetras Hispánicas ;
_vno. 367
_94208
910 _aCatalogación derivada
_bWM
999 _c5098
_d5098